000 00396cam a22001337a 4500
008 180718b1975 xxu||||| |||| 00| 0 eng d
082 _aB12 M723
245 _aPopulation report: a challenge to the people
_cedited by Joseph Moerman and Michael Ingram
260 _aLondon
_bSearch Press
_c1975
300 _a148p.
650 _aPopulation
700 _aIngram, Michael
700 _aMoerman, Joseph
999 _c349254
_d349254